[Event "Costa Viola op 3rd"]
[Site "St Eufemia d'Aspromonte"]
[Date "2010.01.03"]
[Round "3"]
[White "Carbone, Stefano"]
[Black "Carlomagno, Vincenzo"]
[Result "1-0"]
[WhiteElo "1788"]
[BlackElo "1864"]
[PlyCount "85"]
[EventDate "2010.01.02"]
[EventType "swiss"]
[EventRounds "7"]
[EventCountry "ITA"]
[SourceTitle "EXT 2011"]
[Source "ChessBase"]
[SourceDate "2010.11.26"]
[SourceVersion "1"]
[SourceVersionDate "2010.11.26"]
[SourceQuality "1"]

1. e4 c5 2. Nc3 Nc6 3. g3 Nf6 4. Bg2 e6 5. Nge2 d6 6. d3 Be7 7. 0-0 0-0 8. a4 a6 9. f4 Qc7 10. Kh1 Rb8 11. h3 b5 12. axb5 axb5 13. Be3 b4 14. Nb1 d5 15. e5 Nd7 16. Nd2 f6 17. exf6 Bxf6 18. f5 Bxb2 19. fxe6 Rxf1+ 20. Qxf1 Nf6 21. Rb1 Be5 22. Nf4 Qe7 23. Nxd5 Nxd5 24. Qf7+ Qxf7 25. exf7+ Kf8 26. Bxc5+ Nde7 27. Bxc6 Kxf7 28. Bg2 Bxg3 29. Rxb4 Rxb4 30. Bxb4 Nf5 31. Ne4 Be5 32. Ng5+ Kg6 33. Nf3 Bf4 34. Bd2 Bg3 35. Kg1 Kh5 36. Ng5 h6 37. Ne4 Kh4 38. Nxg3 Nxg3 39. Kh2 Ne2 40. c3 Bf5 41. d4 Bd3 42. Bc6 g5 43. Bf3 1-0

[Event "Filadelfia op 1st"]
[Site "Filadelfia"]
[Date "2009.12.08"]
[Round "7"]
[White "Carlomagno, Vincenzo"]
[Black "Paragliola, Gennaro"]
[Result "1-0"]
[WhiteElo "1569"]
[BlackElo "1606"]
[PlyCount "45"]
[EventDate "2009.12.05"]
[EventType "swiss"]
[EventRounds "7"]
[EventCountry "ITA"]
[SourceTitle "EXT 2012"]
[Source "ChessBase"]
[SourceDate "2011.11.24"]
[SourceVersion "1"]
[SourceVersionDate "2011.11.24"]
[SourceQuality "1"]

1. e4 d6 2. d4 g6 3. Nc3 Bg7 4. Be3 e5 5. Qd2 exd4 6. Bxd4 Bxd4 7. Qxd4 Qf6 8. Qd2 Nc6 9. 0-0-0 Be6 10. Bb5 a6 11. Ba4 b5 12. Bb3 Bxb3 13. axb3 Nge7 14. Nd5 Nxd5 15. Qxd5 Kd7 16. Nf3 Rhe8 17. Rhe1 Rad8 18. e5 Qf4+ 19. Kb1 Nb4 20. Qc5 d5 21. Rd4 Qf5 22. Rxb4 c6 23. Qd6+ 1-0

[Event "Filadelfia op 1st"]
[Site "Filadelfia"]
[Date "2009.12.06"]
[Round "2"]
[White "Carlomagno, Vincenzo"]
[Black "Zampaglione, Davide"]
[Result "1-0"]
[WhiteElo "1569"]
[BlackElo "1677"]
[PlyCount "47"]
[EventDate "2009.12.05"]
[EventType "swiss"]
[EventRounds "7"]
[EventCountry "ITA"]
[SourceTitle "EXT 2012"]
[Source "ChessBase"]
[SourceDate "2011.11.24"]
[SourceVersion "1"]
[SourceVersionDate "2011.11.24"]
[SourceQuality "1"]

1. e4 e5 2. Nf3 Nf6 3. Nxe5 d6 4. Nf3 Nxe4 5. Nc3 Nf6 6. d4 d5 7. Bd3 Bb4 8. 0-0 0-0 9. Bg5 c6 10. a3 Be7 11. h3 Be6 12. Ne2 Qd7 13. Ne5 Qc8 14. Ng3 Qd8 15. f4 Ne8 16. Qh5 g6 17. Qh6 Bxg5 18. fxg5 f5 19. Nxg6 hxg6 20. Qxg6+ Ng7 21. Nh5 Qe7 22. Nf6+ Rxf6 23. gxf6 Bf7 24. Qxg7# 1-0

[Event "Amantea op-B 6th"]
[Site "Amantea"]
[Date "2008.09.06"]
[Round "7"]
[White "Carlomagno, Vincenzo"]
[Black "Moscarelli, Giacomo"]
[Result "1/2-1/2"]
[WhiteElo "1422"]
[BlackElo "1634"]
[PlyCount "82"]
[EventDate "2008.08.31"]
[EventType "swiss"]
[EventRounds "9"]
[EventCountry "ITA"]
[SourceTitle "CBM 126 Extra"]
[Source "ChessBase"]
[SourceDate "2008.11.05"]
[SourceVersion "1"]
[SourceVersionDate "2008.11.05"]
[SourceQuality "1"]

1. e4 e6 2. d4 c6 3. c4 d5 4. Nc3 dxe4 5. Nxe4 Nd7 6. Bd3 Ngf6 7. Bg5 Qb6 8. Qe2 Qxd4 9. Nf3 Qb6 10. 0-0 h6 11. Be3 Qc7 12. Rad1 Nxe4 13. Bxe4 Nf6 14. Bd3 Be7 15. Rfe1 b6 16. a3 Bb7 17. b4 0-0 18. c5 Nd5 19. Bd2 Bf6 20. Qe4 Rfd8 21. Qc4 a5 22. Qg4 Kf8 23. Nd4 axb4 24. axb4 bxc5 25. bxc5 Ba6 26. Bc2 Bb5 27. Rxe6 Bxd4 28. Rxh6 gxh6 29. Bxh6+ Ke7 30. Re1+ Qe5 31. Rxe5+ Bxe5 32. Bg5+ f6 33. Bc1 Rg8 34. Qe4 Rh8 35. f4 Nc3 36. Qe3 Ne2+ 37. Kh1 Rxh2+ 38. Kxh2 Rh8+ 39. Qh3 Nxf4 40. Qxh8 Ng6+ 41. g3 Nxh8 1/2-1/2